000 00631cam a22002293a 4500
001 19161
003 PGUSA
005 20140828083415.0
008 060902s2006||||xxu|||||s|||||000 1 eng d
040 _aPGUSA
_beng
042 _adc
050 4 _aPT
100 1 _aLennep, J. van
_q(Jacob),
_d1802-1868
245 1 0 _aDe Roos van Dekama
_h[electronic resource] /
_cJ. van Lennep
260 _bProject Gutenberg,
_c2006
506 _aPublic domain in the USA.
516 _aElectronic text
653 _aHistorical fiction
830 0 _aProject Gutenberg
_v19161
856 4 0 _uhttp://www.gutenberg.org/ebooks/19161
942 _cEB
999 _c248416
_d248416